Sesión inaugural del I Simposio sobre la tercera edad
Publicado:
San Jorge, núm. 98 - 99 (desembre 1976), pàg 86 :
Otros Autores:
Simposio sobre la Tercera Edad ( 1r : 1976 : Barcelona)
MARC
| LEADER | 00000nam a2200000Ia 4500 | ||
|---|---|---|---|
| 001 | |||
| 008 | 160829s9999 xx 000 0 cat d | ||
| 245 | |a Sesión inaugural del I Simposio sobre la tercera edad | ||
| 260 | |a San Jorge, núm. 98 - 99 (desembre 1976), pàg 86 | ||
| 650 | 0 | |a Vellesa |9 45940 | |
| 650 | 0 | |a Congressos i conferències |9 48301 | |
| 700 | |a Simposio sobre la Tercera Edad ( 1r : 1976 : Barcelona) |9 45941 | ||
| 901 | |a Arxiu | ||
| 942 | |n 1 | ||
| 952 | |0 0 |1 0 |4 0 |7 1 |9 52905 |a Arxiu |b Arxiu |d 2016-12-01 |l 0 |r 2016-12-01 00:00:00 |w 2016-12-01 |y ARXIU | ||
| 999 | |c 56754 |d 56754 | ||